Vocabulaire coréen - Jour 5 - Statistiques

Statistiques générales
  • Ce quiz a été pris 5 fois
  • Le résultat moyen est 7 sur 12
Statistiques - réponses
Hint Réponse % Correct
Compteur de personnes (âgée)
100%
Compteur de personnes (+ courant)
100%
Compteur d'animaux 마리
75%
Compteur de livres
75%
Compteur d'objets (+ courant)
75%
Compteur de bouteilles
75%
Compteur d'années (âge)
75%
Compteur de verres
50%
Compteur de fleurs 송이
50%
Compteur de papiers
25%
Compteur de matériel électronique
25%
Compteur de paires 결레
0%
Aucun quiz correspondant
Distribution des résultats
% des personnes avec chaque résultat
Percentile par nombre de réponses
Votre historique - résultats
Vous n’avez pas pris ce quiz